000 00996cam a2200277 a 4500
001 000003992
003 DO-SdBNP
005 20250123140859.0
007 ta
008 720427s1973 flua 001 0 spa
040 _aDO-SdBNP
_cBNPHU
082 4 _a818.52
_bI95e
_222
100 1 _aIves, Charles,
_d1874-1954.
_911963
240 1 0 _aEssays before a sonata; the majority, and other writings.
_lEspañol
245 1 0 _aEnsayos para una sonata, la mayoría y otros ensayos /
_cCharles Ives ; traducción, María Teresa La Valle.
260 _aFlorida :
_bRodolfo Alonso Editor,
_c1973.
300 _a371 p. :
_bil. ;
_c18 cm.
440 0 _aMúsica y Músicos
_911964
534 _aTítulo original:
_tEssays before a sonata; the majority, and other writings.
590 _aInventariado, 2022 / DG
650 4 _aLiteratura estadounidense
_xHistoria y crítica
_ySiglo XX
_911965
650 0 _aMúsica
_92775
700 1 _aLa Valle, María Teresa,
_etr.
_911474
910 _aDG
942 _2ddc
_cLBS1
999 _c3811
_d3811